000
00205nam a22000977a 4500
999
_c
16026
_d
16026
003
OSt
008
191028b ||||| |||| 00| 0 eng d
100
_a
Appu,V T.
_9
4486
245
_a
Hasyavilasam
942
_c
BK